000
00189 a2200097 4500
020
_a
9780062983305
041
_a
spa
100
_a
Stuart J.Murphy
245
_a
El asensor Magico
942
_c
K
999
_c
26022
_d
26022